000
00371nam a2200169Ia 4500
003
0100
008
130303s9999 xx 000 0 und d
040
_c
ARRUPELIB
050
_a
LB675.K16
100
_a
Kant, Immanuel
245
_a
Education
260
_a
Ann Arbor
260
_b
University of Michigan Press
260
_C
1960
300
_a
121p. 21cm
942
0
0
_0
5
999
_c
46448
_d
46448